000 00324nam a2200133Ia 4500
008 240624s9999 xx 000 0 und d
041 _aeng
082 _a658.4092 BAR
100 _aBARNEY MATTHEW
245 _aLEADERSHIP INFOSYS
260 _c2011
_aNew Delhi
_bPenguin Books India
300 _a248 : p.
365 _cRS
_b20
999 _c17031
_d17031